000 00288nam a2200121Ia 4500
005 20251222154427.0
008 251222s9999||||xx |||||||||||||| ||spa||
020 _a84-376-1104-0
082 _a869.15/C92
100 _a"De la Cruz, Juana Inés"
245 0 _aPoesía lírica
942 _cLIB
999 _c36267
_d36267